000 01202cam a22002655a 4500
001 L128732
008 050208s2008 xxka f 000 0 eng u
020 _a9781405119788
035 _a(Sirsi) u128732
041 0 _aeng
050 0 4 _a690.241 $2 18
100 _aWorthing, Derek
245 0 0 _aManaging built heritage
_bthe role of cultural significance
260 _aOxford
_bBlackwell Publishing
_c2008
300 _av, 220p.
_bcol. ill.
_c25cm.
350 _a45
505 2 _aIntroduction to the concept of managing through significance -- Asset types, their managers and management implications -- Cultural significance -- Conservation plans -- Managing use and change -- Epilogue: sustainability and the built cultural heritage
520 _aLooks at the ways in which cultural significance of buildings can be determined, and the ways in which it can inform the management of the built cultural heritage. Uses relevant examples to illustrate current approaches and best practice.
521 _aAdvanced
590 _aKA
651 4 _aUnited Kingdom
_y
690 _aBUILT ENVIRONMENT-BUILDING TYPES-ANCIENT MONUMENTS AND HISTORIC BUILDINGS
700 1 _aBond, Stephen
942 _n0
999 _c104001
_d104001